Every Player on the Pittsburgh Penguins 2025-2026 - Statistics

General Stats
  • This quiz has been taken 7 times
    3 since last reset
  • The average score is 7 of 37
Answer Stats
# Games
Played
Answer % Correct
81 33 Ben Kindel
100%
71 26 Evgeni Malkin
100%
87 36 Sidney Crosby
100%
39 36 Anthony Mantha
50%
37 16 Arturs Silovs
50%
65 36 Erik Karlsson
50%
58 36 Kris Letang
50%
55 23 Noel Acciari
50%
67 16 Rickard Rakell
50%
5 36 Ryan Shea
50%
46 27 Blake Lizotte
0%
14 2 Bokondji Imama
0%
77 5 Brett Kulak
0%
17 34 Bryan Rust
0%
82 7 Caleb Jones
0%
75 15 Connor Clifton
0%
19 36 Connor Dewar
0%
43 13 Danton Heinen
0%
11 13 Filip Hallander
0%
45 9 Harrison Brunicke
0%
3 4 Jack St. Ivany
0%
15 10 Joona Koppanen
0%
16 22 Justin Brazeau
0%
13 21 Kevin Hayes
0%
24 11 Mathew Dumba
0%
38 4 Owen Pickering
0%
28 36 Parker Wotherspoon
0%
53 9 Philip Tomasino
0%
2 12 Rutger McGroarty
0%
27 17 Ryan Graves
0%
22 2 Sam Poulin
0%
1 5 Sergei Murashov
0%
74 3 Stuart Skinner
0%
18 36 Tommy Novak
0%
26 1 Tristan Broz
0%
35 14 Tristan Jarry
0%
41 24 Ville Koivunen
0%
No matching quizzes found
Score Distribution
Percent of People with Each Score
Percentile by Number Answered
Your Score History
You have not taken this quiz since the last reset